00574cam a22002057a 4500003000500000005001700005008004100022010001000063011001000073035001000083040000900093082001500102100003400117245003500151260004800186300002000234490004700254650002000301830004700321CHAP20220329134520.0971013s1971 r 00010 d a21456 a22428 a26523 cCHAP a595.78bC500aClarke, John Frederick Gates.14aThe lepidoptera of Rapa Island aWashington :bSmithsonia Institution,c1971 a282 p.b: ilus. 0aSmithsonian contributions to zoologyv; 5614aLepidópteros.0 aSmithsonian contributions to zoologyv; 56